Asian Countries By Two Hints - Statistics

General Stats
  • This quiz has been taken 39 times
  • The average score is 17 of 30
Answer Stats
Hint Answer Hint % Correct
Consists of more than 7.000 islands Philippines Flag contains blue
92%
Has a majority Muslim population Indonesia Consists of more than 7.000 islands
88%
Flag contains blue Malaysia Bordering Indonesia by land
85%
Himalayas are spread across this country Nepal Capital of this country has the letters 'man' in its name.
85%
Is home to a city considered holy by one of the world religions Israel Has a star in the centre of its national flag
81%
Bordering both China and India by land Pakistan Former World Champion in Cricket (Men)
77%
Has a red disc representing a rising sun on its national flag Japan In the top 10 countries with most submarines
73%
Bordering the Red Sea Saudi Arabia Is home to a city considered holy by one of the world religions
73%
Is a Kingdom Bhutan Bordering both China and India by land
65%
One of two countries where ISIS had most territorial control Iraq Has the 'dinar' as official currency
65%
Capital city starts with the letter 'S' Yemen Bordering the Red Sea
65%
Has ISO country codes that start with a 'K' Cambodia Pol Pot was a former Prime Minister of this country.
62%
Former World Champion in Cricket (Men) Sri Lanka Has Tamil as an official language
62%
Jordan River flows through this country Syria One of two countries where ISIS had most territorial control
62%
In the top 5 countries with the highest suicide rate Kazakhstan Starts with a 'K'
58%
Starts with a 'K' Kyrgyzstan Flag only contains yellow and red
58%
Was ever elected to host the FIFA World Cup (Men) South Korea Capital city starts with the letter 'S'
58%
Flag only contains yellow and red China Himalayas are spread across this country
54%
One among two with highest GDP per capita of Asia Qatar Was ever elected to host the FIFA World Cup (Men)
54%
Has Tamil as an official language Singapore One among two with highest GDP per capita of Asia
54%
Is only bordering (5) countries that end with 'stan Uzbekistan Has a majority Muslim population
54%
Bordering Indonesia by land Timor-Leste Declared independence in the 1970s
46%
One of the most populated Bangladesh Has a red disc representing a rising sun on its national flag
42%
Capital of this country has the letters 'man' in its name. Jordan Jordan River flows through this country
42%
Gained independence from the United Kingdom in the 1940s India One of the most populated
35%
Has the 'dinar' as official currency Kuwait Has ISO country codes that start with a 'K'
23%
Has a star in the centre of its national flag Myanmar Gained independence from the United Kingdom in the 1940s
19%
In the top 10 countries with most submarines North Korea In the top 10 countries with the highest coal export
12%
In the top 10 countries with the highest coal export Mongolia In the top 5 countries with the highest suicide rate
8%
Declared independence in the 1970s Bahrain Is a Kingdom
4%
No matching quizzes found
Score Distribution
Percent of People with Each Score
Percentile by Number Answered
Your Score History
You have not taken this quiz